000 00336nam a22001457a 4500
003 OSt
005 20211230151708.0
008 211230b |||||||| |||| 00| 0 eng d
020 _a0133374866
040 _cHU
082 _23rd
_a005.8
100 _aPfleegr Chares P.
_926403
245 _aSecurity in Computing
942 _2ddc
_cBOOKS
_n0
999 _c25320
_d25320